|
|
|
|
| LEADER |
00000nam0a2200000 4500 |
| 001 |
220668 |
| 005 |
20231101230343.0 |
| 035 |
|
|
|a (RuTPU)RU\TPU\book\240799
|
| 035 |
|
|
|a RU\TPU\book\240709
|
| 090 |
|
|
|a 220668
|
| 100 |
|
|
|a 20120829d2007 k y0rusy50 ca
|
| 101 |
0 |
|
|a rus
|a eng
|
| 102 |
|
|
|a RU
|
| 105 |
|
|
|a y z 101zy
|
| 200 |
1 |
|
|a Студент и научно-технический прогресс. Иностранные языки: лингвистика и межкультурная коммуникация
|e материалы 45 Международной научной студенческой конференции, Новосибирск, 2007 г.
|f Новосибирский государственный университет (НГУ)
|
| 210 |
|
|
|a Новосибирск
|c Изд-во НГУ
|d 2007
|
| 215 |
|
|
|a 78 с.
|
| 320 |
|
|
|a Библиогр. в конце докл.
|
| 606 |
1 |
|
|a Иностранные языки
|x Методика преподавания
|2 stltpush
|3 (RuTPU)RU\TPU\subj\12658
|9 39408
|
| 610 |
1 |
|
|a лексикология
|
| 610 |
1 |
|
|a семантика
|
| 610 |
1 |
|
|a стилистика
|
| 610 |
1 |
|
|a переводы
|
| 610 |
1 |
|
|a цветообозначение
|
| 610 |
1 |
|
|a китайский язык
|
| 610 |
1 |
|
|a лингвострановедение
|
| 610 |
1 |
|
|a междометия
|
| 610 |
1 |
|
|a фразеологизмы
|
| 610 |
1 |
|
|a французский язык
|
| 610 |
1 |
|
|a немецкий язык
|
| 610 |
1 |
|
|a деловой английский язык
|
| 610 |
1 |
|
|a машинный перевод
|
| 610 |
1 |
|
|a студенческий сленг
|
| 610 |
1 |
|
|a конференции
|
| 686 |
|
|
|a Ш12-9л0
|v LBC/SL-A
|2 rubbk
|
| 712 |
0 |
2 |
|a Новосибирский государственный университет (НГУ)
|2 stltpush
|3 (RuTPU)RU\TPU\col\721
|
| 712 |
1 |
2 |
|a Студент и научно-технический прогресс
|b научная студенческая конференция
|d 45
|e Новосибирск
|f 2007
|
| 801 |
|
1 |
|a RU
|b 63413507
|c 20120828
|
| 801 |
|
2 |
|a RU
|b 63413507
|c 20120920
|g RCR
|
| 942 |
|
|
|c BK
|